| 000 | 00696cam a2200229 a 4500 | ||
|---|---|---|---|
| 001 | 000002146 | ||
| 005 | 20200929145841.0 | ||
| 008 | 981231s1969 sp 000 j spa | ||
| 020 | _a8478809465 | ||
| 040 |
_aDO-SdBNP _cDLC |
||
| 082 |
_a863.6 _bL185n, 1969 |
||
| 100 | 1 |
_aLaiglesia, Álvaro de. _96866 |
|
| 245 | 1 | 3 |
_aUn náufrago en la sopa / _cÁlvaro de Laiglesia. |
| 250 | _a12a ed. | ||
| 260 |
_aBarcelona : _bPlaneta, _c1969. |
||
| 300 |
_a321 p. ; _c20 cm. |
||
| 490 | 1 | _aAutores españoles contemporáneo | |
| 650 | 4 |
_aCuentos españoles _93194 |
|
| 650 | 4 |
_aLiteratura española _9632 |
|
| 830 | 0 |
_aAutores Españoles Contemporáneo. _96867 |
|
| 910 | _aCatalogación por copia / LC | ||
| 999 |
_c1997 _d1997 |
||